00328nam a2200133Ia 4500003000400000008004100004020002400045040000800069100002000077245004100097260002900138300001400167365001300181LDD181029s9999 xx 000 0 und d a226572021cUS16.00 cLDD aNelson, Julie A 0aEconomics for humanscJulie A Nelson aLondonbUniversityc2006 aix, 141p. bUS16.00